A select bibliography on economic development, with annotations /

Bibliographic Details
Main Author: Powelson, John P., 1920-2009
Format: Book
Language:English
Published: Boulder, Colo. : Westview Press, 1979.
Series:Westview special studies in social, political, and economic development.
Subjects:

MARC

Tag First Indicator Second Indicator Subfields
LEADER 00000pam a2200000 i 4500
001 in00000094680
005 20150927110525.0
008 790409s1979 cou b 00010 eng
010 |a  79004848  
020 |a 0891584978 
035 |a (OCoLC)04908125 
035 |9 AAL6551AM 
040 |a DLC  |c DLC  |d TXA  |d UtOrBLW 
049 |a TXAM  |c [1497171] 
050 0 0 |a Z7164.E15  |b P68  
100 1 |a Powelson, John P.,  |d 1920-2009. 
245 1 2 |a A select bibliography on economic development, with annotations /  |c compiled by John P. Powelson. 
264 1 |a Boulder, Colo. :  |b Westview Press,  |c 1979. 
300 |a xx, 450 pages ;  |c 24 cm. 
336 |a text  |b txt  |2 rdacontent 
337 |a unmediated  |b n  |2 rdamedia 
338 |a volume  |b nc  |2 rdacarrier 
490 1 |a Westview special studies in social, political, and economic development 
650 0 |a Economic development  |v Bibliography. 
650 0 |a Economics  |v Bibliography. 
830 0 |a Westview special studies in social, political, and economic development. 
999 |a MARS 
999 f f |s 974d7dec-6156-35f9-96e9-bcbd48a0006a  |i 0c48a54e-85b3-3e2e-90b3-31f7ec8c4d21  |t 0 
952 f f |p ric  |a Texas A&M University  |b Rellis Campus  |c Joint Library Facility  |d Remote Storage  |t 0  |e Z7164.E15 P68  |h Library of Congress classification  |i unmediated -- volume  |m A14842716798 
998 f f |a Z7164.E15 P68  |t 0  |l Remote Storage